[Event "18.Open Seefeld"]
[Site "Seefeld / Oesterreich"]
[Date "2007.09.08"]
[Round "8"]
[White "Wallnoefer, Hannes"]
[Black "Klein, Gereon"]
[Result "0-1"]
[WhiteElo "2096"]
[BlackElo "2009"]
[PlyCount "92"]
[EventDate "2007.09.01"]
[EventType "swiss"]
[EventRounds "9"]
[EventCountry "AUT"]

1. e4 c5 2. Nf3 Nc6 3. Bb5 g6 4. O-O Nf6 5. Qe2 Bg7 6. c4 d6 7. Rd1 e5 8. Nc3
O-O 9. d3 Bg4 10. Bxc6 bxc6 11. h3 Bd7 12. Nh2 Qc8 13. f4 Nh5 14. fxe5 Bxe5 15.
Bh6 Re8 16. Nf3 Bf4 17. Bxf4 Nxf4 18. Qf2 Bxh3 19. Kh2 Bxg2 20. Ng1 Qg4 21.
Nce2 Nxe2 22. Qxe2 Qxe2 23. Nxe2 Bf3 24. Rd2 Bxe2 25. Rxe2 Re5 26. Rf1 f5 27.
Kg3 Rf8 28. Ref2 Kg7 29. Kh4 h6 30. b3 d5 31. exf5 Rfxf5 32. Rxf5 Rxf5 33. Re1
Kf6 34. Re8 Rf4+ 35. Kg3 Rd4 36. Rc8 Rxd3+ 37. Kf4 g5+ 38. Kg4 Rd4+ 39. Kg3
dxc4 40. Rxc6+ Kg7 41. Rxc5 cxb3 42. axb3 Kg6 43. Rc6+ Kh5 44. Rc7 Rd3+ 45. Kg2
Rxb3 46. Rxa7 g4 0-1

[Event "18.Open Seefeld"]
[Site "Seefeld / Oesterreich"]
[Date "2007.09.08"]
[Round "8"]
[White "Mueller, Helmut"]
[Black "Gatterer, Matthias"]
[Result "1/2-1/2"]
[WhiteElo "2077"]
[BlackElo "1973"]
[PlyCount "21"]
[EventDate "2007.09.01"]
[EventType "swiss"]
[EventRounds "9"]
[EventCountry "AUT"]

1. d4 d5 2. Nf3 Nf6 3. Bf4 c5 4. dxc5 Qa5+ 5. Qd2 Qxc5 6. Nc3 Bd7 7. e3 Bc6 8.
Ne5 e6 9. Be2 Be7 10. O-O O-O 11. Rfd1 1/2-1/2

[Event "18.Open Seefeld"]
[Site "Seefeld / Oesterreich"]
[Date "2007.09.08"]
[Round "8"]
[White "Plock, Christian"]
[Black "Georgiev, Georgi"]
[Result "0-1"]
[WhiteElo "1986"]
[BlackElo "1915"]
[PlyCount "40"]
[EventDate "2007.09.01"]
[EventType "swiss"]
[EventRounds "9"]
[EventCountry "AUT"]

1. e4 c5 2. Nf3 g6 3. d4 Bg7 4. c3 cxd4 5. Nxd4 Nf6 6. f3 O-O 7. Bc4 d5 8. exd5
Nxd5 9. O-O e5 10. Ne2 Be6 11. Qb3 Nc6 12. Bxd5 Bxd5 13. Qc2 Qb6+ 14. Kh1 Rac8
15. a3 Na5 16. Nd2 Rfd8 17. b4 Nc4 18. Nxc4 Bxc4 19. Bb2 Qe3 20. Rfe1 Rd2 0-1

[Event "18.Open Seefeld"]
[Site "Seefeld / Oesterreich"]
[Date "2007.09.08"]
[Round "8"]
[White "Ranker, Klemens"]
[Black "Schmidt, Wolfgang"]
[Result "1/2-1/2"]
[WhiteElo "1955"]
[BlackElo "2071"]
[PlyCount "24"]
[EventDate "2007.09.01"]
[EventType "swiss"]
[EventRounds "9"]
[EventCountry "AUT"]

1. e4 Nf6 2. Nc3 d6 3. Nf3 g6 4. Be2 Bg7 5. O-O O-O 6. d3 e5 7. Bg5 h6 8. Bh4
g5 9. Bg3 Nh5 10. Qd2 f5 11. exf5 Bxf5 12. Ne1 Nf6 1/2-1/2

[Event "18.Open Seefeld"]
[Site "Seefeld / Oesterreich"]
[Date "2007.09.08"]
[Round "8"]
[White "Dalnodar, Bernhard"]
[Black "Niedermair, Hannes"]
[Result "0-1"]
[WhiteElo "1709"]
[BlackElo "2069"]
[PlyCount "124"]
[EventDate "2007.09.01"]
[EventType "swiss"]
[EventRounds "9"]
[EventCountry "AUT"]

1. Nf3 c5 2. g3 Nc6 3. Bg2 e5 4. d3 d6 5. O-O f5 6. e4 Nf6 7. Bg5 Be7 8. Nh4
fxe4 9. Bxe4 Bg4 10. Bf3 Bxf3 11. Nxf3 O-O 12. Nbd2 Qd7 13. Kg2 Rf7 14. a3 Raf8
15. Qe2 Qg4 16. h3 Qf5 17. Bxf6 Rxf6 18. Qe4 Qh5 19. Rac1 h6 20. Rb1 Qf7 21.
Qe2 g5 22. c3 Nd8 23. Nh2 Ne6 24. Qe3 h5 25. b4 cxb4 26. axb4 a6 27. Nb3 Rg6
28. Nc1 Nf4+ 29. Kh1 Nxh3 30. Kg2 g4 31. Rb2 Bg5 32. Qe1 Bxc1 33. Qxc1 Qd5+ 34.
f3 Ng5 35. Qe3 gxf3+ 36. Nxf3 h4 37. c4 Qc6 38. b5 axb5 39. Rxb5 Ne6 40. Rb6
Rxg3+ 41. Kh2 Qc7 42. Rb2 Nf4 43. Rg1 Qg7 44. Rxg3 Qxg3+ 45. Kh1 Rf7 46. Rd2
Rg7 47. Ra2 Nh3 48. d4 Ng5 49. Nxg5 Qxg5 50. Ra8+ Kf7 51. Qf3+ Kg6 52. Qd3+ Qf5
53. Qxf5+ Kxf5 54. dxe5 dxe5 55. Rf8+ Ke6 56. Re8+ Kf5 57. Kh2 e4 58. Kh3 Kf4
59. Rh8 e3 60. Rxh4+ Kf3 61. Rh8 Rf7 62. Kh2 Kf2 0-1

[Event "18.Open Seefeld"]
[Site "Seefeld / Oesterreich"]
[Date "2007.09.08"]
[Round "8"]
[White "Schwammberger, Eugen"]
[Black "Huettemann, Ralf"]
[Result "0-1"]
[WhiteElo "2066"]
[BlackElo "1998"]
[PlyCount "82"]
[EventDate "2007.09.01"]
[EventType "swiss"]
[EventRounds "9"]
[EventCountry "AUT"]

1. d4 Nf6 2. c4 c5 3. Nf3 e6 4. Nc3 d5 5. cxd5 exd5 6. Bg5 Be6 7. e3 Nc6 8. Be2
c4 9. O-O Be7 10. Nd2 O-O 11. a3 a6 12. Bf3 b5 13. Ne2 h6 14. Bxf6 Bxf6 15. Ng3
g6 16. Bg4 Qd7 17. Bxe6 Qxe6 18. Re1 a5 19. Nf3 Rfd8 20. e4 dxe4 21. Rxe4 Qd5
22. Qd2 Bg7 23. Rae1 Nxd4 24. Nxd4 Bxd4 25. h4 Qc5 26. Qc2 b4 27. axb4 axb4 28.
h5 b3 29. Qe2 g5 30. Rc1 Rac8 31. Qf3 Rd5 32. Re2 f5 33. Nf1 Re5 34. Nd2 g4 35.
Rxe5 Qxe5 36. Qb7 Qe6 37. Ra1 g3 38. Nf3 gxf2+ 39. Kf1 Re8 40. Qd5 Qxd5 41.
Nxd4 Qxd4 0-1

[Event "18.Open Seefeld"]
[Site "Seefeld / Oesterreich"]
[Date "2007.09.08"]
[Round "8"]
[White "Becker, Joerg"]
[Black "Frank, Albert"]
[Result "0-1"]
[WhiteElo "1952"]
[BlackElo "1971"]
[PlyCount "44"]
[EventDate "2007.09.01"]
[EventType "swiss"]
[EventRounds "9"]
[EventCountry "AUT"]

1. d4 b6 2. c4 e6 3. Nc3 Bb7 4. Bf4 d6 5. e4 Nd7 6. Nf3 h6 7. Bd3 g5 8. Be3 Bg7
9. Qc2 Ne7 10. O-O a6 11. Rab1 Nc6 12. h3 Nb4 13. Qd2 Nxd3 14. Qxd3 O-O 15. b4
f5 16. d5 g4 17. hxg4 fxg4 18. Nd4 Ne5 19. Qe2 Qh4 20. f3 g3 21. Rfc1 Ng4 22.
Kf1 Qh1+ 0-1

[Event "18.Open Seefeld"]
[Site "Seefeld / Oesterreich"]
[Date "2007.09.08"]
[Round "8"]
[White "Allgaier, Erik"]
[Black "Kesik, Marco"]
[Result "1-0"]
[WhiteElo "2060"]
[BlackElo "1954"]
[PlyCount "47"]
[EventDate "2007.09.01"]
[EventType "swiss"]
[EventRounds "9"]
[EventCountry "AUT"]

1. Nf3 Nf6 2. d4 g6 3. Nc3 d5 4. Bf4 c6 5. e3 Bg7 6. Be2 O-O 7. Ne5 Ne8 8. h4
f6 9. Ng4 Nd7 10. Bh6 e5 11. Bxg7 Kxg7 12. e4 dxe4 13. Qd2 f5 14. Qh6+ Kh8 15.
h5 g5 16. Nxe5 Qf6 17. Ng6+ Kg8 18. Bc4+ Rf7 19. Bxf7+ Kxf7 20. Qxh7+ Ng7 21.
Nh8+ Ke6 22. h6 Ne8 23. Qg8+ Ke7 24. Ng6+ 1-0

[Event "18.Open Seefeld"]
[Site "Seefeld / Oesterreich"]
[Date "2007.09.08"]
[Round "8"]
[White "Becking, Franz Josef"]
[Black "Gerhards, Walter"]
[Result "0-1"]
[WhiteElo "2049"]
[BlackElo "1947"]
[PlyCount "113"]
[EventDate "2007.09.01"]
[EventType "swiss"]
[EventRounds "9"]
[EventCountry "AUT"]

1. d4 e6 2. e4 d5 3. Nd2 Nf6 4. e5 Nfd7 5. f4 c5 6. c3 Nc6 7. Ndf3 cxd4 8. cxd4
Bb4+ 9. Bd2 O-O 10. a3 Bxd2+ 11. Qxd2 f6 12. Bd3 Qe8 13. Ne2 Qh5 14. Qe3 a6 15.
h3 Ne7 16. g4 Qf7 17. O-O-O fxe5 18. Nxe5 Nxe5 19. fxe5 Bd7 20. Kb1 Nc6 21. Qg5
b5 22. Qh4 g6 23. Qe1 b4 24. Rf1 Qe7 25. Rxf8+ Rxf8 26. axb4 Nxb4 27. Nc3 Rf3
28. Qe2 Qf8 29. Rf1 Rxf1+ 30. Qxf1 Qc8 31. h4 a5 32. h5 gxh5 33. gxh5 Nxd3 34.
Qxd3 Qf8 35. Qg3+ Qg7 36. Qf4 Be8 37. h6 Qf7 38. Qg5+ Qg6+ 39. Qxg6+ hxg6 40.
Kc1 Kh7 41. Kd2 Kxh6 42. Ke3 Kh5 43. Kf3 Kh4 44. Nd1 g5 45. Nf2 g4+ 46. Kg2 Bg6
47. Nd1 Be4+ 48. Kg1 Kg3 49. Nc3 Kf3 50. Nb5 Ke3 51. Kh2 Bd3 52. Nc7 Kxd4 53.
Nxe6+ Kxe5 54. Nc5 Be2 55. Nb3 a4 56. Nc5 Bd1 57. Nd3+ 0-1

[Event "18.Open Seefeld"]
[Site "Seefeld / Oesterreich"]
[Date "2007.09.08"]
[Round "8"]
[White "Aigner, Georg"]
[Black "Schnegg, Martin"]
[Result "0-1"]
[WhiteElo "2033"]
[BlackElo "1931"]
[PlyCount "100"]
[EventDate "2007.09.01"]
[EventType "swiss"]
[EventRounds "9"]
[EventCountry "AUT"]

1. e4 c5 2. Nf3 d6 3. d4 cxd4 4. Nxd4 Nf6 5. Nc3 g6 6. Be2 Bg7 7. O-O O-O 8.
Be3 Nc6 9. Qd2 Ng4 10. Nf3 Nxe3 11. Qxe3 Qa5 12. Rfe1 Be6 13. a3 Rac8 14. Nd1
Ne5 15. c3 Nxf3+ 16. Bxf3 b5 17. Be2 a6 18. f4 Rfd8 19. Nf2 Bc4 20. f5 Qc7 21.
Qg5 Qa7 22. Qf4 d5 23. e5 d4 24. Bxc4 bxc4 25. cxd4 Rxd4 26. Qe3 Rcd8 27. fxg6
hxg6 28. Kf1 Qb7 29. Re2 Qc7 30. h3 Qc5 31. Rc1 Qc6 32. Ng4 Kh7 33. Rce1 Rd1
34. Qg3 Rxe1+ 35. Qxe1 Rd5 36. Kg1 Rb5 37. Kh2 Rb3 38. Re3 Rxb2 39. Qc3 Rb3 40.
Qd4 Rxe3 41. Qxe3 Qd5 42. Kg1 Qd1+ 43. Kf2 Qc2+ 44. Qe2 Qf5+ 45. Ke1 c3 46.
Qxa6 Qb1+ 47. Ke2 c2 48. Qa7 c1=Q 49. Qxe7 Qe1+ 50. Kf3 Qf5# 0-1

[Event "18.Open Seefeld"]
[Site "Seefeld / Oesterreich"]
[Date "2007.09.08"]
[Round "8"]
[White "Wittelsberger, Helmut"]
[Black "Strasser, Josef"]
[Result "1-0"]
[WhiteElo "1996"]
[BlackElo "1913"]
[PlyCount "39"]
[EventDate "2007.09.01"]
[EventType "swiss"]
[EventRounds "9"]
[EventCountry "AUT"]

1. e4 c5 2. d4 cxd4 3. c3 dxc3 4. Nxc3 e6 5. Bf4 d6 6. Nf3 Nc6 7. Bc4 Nf6 8.
O-O Be7 9. Qe2 a6 10. Rfd1 Qc7 11. Rac1 Qb8 12. e5 dxe5 13. Nxe5 Nxe5 14. Bxe5
Qa7 15. Nb5 axb5 16. Bxb5+ Kf8 17. Rc7 Nd5 18. Rxd5 exd5 19. Bd4 b6 20. Qxe7+
1-0

[Event "18.Open Seefeld"]
[Site "Seefeld / Oesterreich"]
[Date "2007.09.08"]
[Round "8"]
[White "Schett, Franz"]
[Black "Klein, Reinhard"]
[Result "0-1"]
[WhiteElo "1994"]
[BlackElo "1870"]
[PlyCount "121"]
[EventDate "2007.09.01"]
[EventType "swiss"]
[EventRounds "9"]
[EventCountry "AUT"]

1. e4 c5 2. Nf3 Nc6 3. Nc3 g6 4. d4 cxd4 5. Nxd4 Bg7 6. Be3 Nf6 7. Nxc6 dxc6 8.
Qxd8+ Kxd8 9. f3 Ne8 10. Rd1+ Kc7 11. Bf4+ e5 12. Be3 Be6 13. a4 Nd6 14. b3
Rhd8 15. Bd3 f5 16. Bg5 Rd7 17. O-O f4 18. Bh4 h6 19. Bf2 Bf6 20. Bc5 b6 21.
Ba3 Rad8 22. Ne2 Nf7 23. Bb2 Be7 24. g3 g5 25. Kg2 Bxb3 26. Ra1 Bxc2 27. Bc4
Bc5 28. Bxf7 Rxf7 29. Bxe5+ Kb7 30. gxf4 Rd2 31. Rfe1 Bd3 32. Kf1 gxf4 33. Bc3
Rc2 34. Be5 Bb4 35. Rad1 Ba6 36. Rd8 c5 37. Rb8+ Kc6 38. Kg1 Bxe1 39. Nxf4 Bf2+
40. Kh1 Rd7 41. Nd5 Rxd5 42. exd5+ Kxd5 43. Bf4 Be2 44. Rd8+ Kc4 45. Kg2 Bd3
46. Rd7 Bh4+ 47. Kg1 Ra2 48. Bg3 Bf6 49. Bf2 Rxa4 50. Rd6 Ra1+ 51. Kg2 Bf1+ 52.
Kh1 Bh3+ 53. Bg1 Rxg1+ 54. Kxg1 Bd4+ 55. Kh1 Be3 56. Rf6 b5 57. f4 h5 58. f5 b4
59. Rf7 b3 60. f6 Be6 61. Re7 0-1

[Event "18.Open Seefeld"]
[Site "Seefeld / Oesterreich"]
[Date "2007.09.08"]
[Round "8"]
[White "Nolte, Wilhelm"]
[Black "Wiesbeck, Florian"]
[Result "1/2-1/2"]
[WhiteElo "1775"]
[BlackElo "1990"]
[PlyCount "130"]
[EventDate "2007.09.01"]
[EventType "swiss"]
[EventRounds "9"]
[EventCountry "AUT"]

1. e4 c5 2. Nf3 e6 3. d4 cxd4 4. Nxd4 Qb6 5. Nb3 Qc7 6. Bd3 Nf6 7. O-O a6 8.
Bg5 Be7 9. Nc3 Nc6 10. a3 h6 11. Bh4 Nxe4 12. Bxe7 Nxc3 13. Qg4 Nxe7 14. Qxg7
Rg8 15. Qxc3 Qxc3 16. bxc3 Nd5 17. c4 Nf4 18. Be4 Rb8 19. Bf3 b6 20. g3 a5 21.
Kh1 Ng6 22. Rfe1 Ba6 23. c5 a4 24. Nd2 bxc5 25. Rab1 Ke7 26. Bg2 Rgc8 27. c4 f5
28. f4 Kd6 29. Bf3 Kc7 30. Rec1 Rb6 31. Kg1 Rcb8 32. Rxb6 Rxb6 33. Bd1 Rb2 34.
Rc2 Rxc2 35. Bxc2 Ne7 36. Bxa4 d5 37. Bb5 Bxb5 38. cxb5 Kb6 39. a4 Nc8 40. Kf2
Nd6 41. Ke3 Nb7 42. Nf3 c4 43. Nd4 Nc5 44. h3 h5 45. Kf3 Ka5 46. g4 hxg4+ 47.
hxg4 fxg4+ 48. Kxg4 Kxa4 49. b6 c3 50. Nxe6 Nxe6 51. b7 c2 52. b8=Q c1=Q 53.
Qe8+ Kb4 54. Qxe6 Qd1+ 55. Kg5 d4 56. Qb6+ Kc3 57. Qa5+ Kd3 58. f5 Qc1+ 59. Kg6
Qc3 60. Qa6+ Qc4 61. Qe6 Kc3 62. Qxc4+ Kxc4 63. f6 d3 64. f7 d2 65. f8=Q d1=Q
1/2-1/2

[Event "18.Open Seefeld"]
[Site "Seefeld / Oesterreich"]
[Date "2007.09.08"]
[Round "8"]
[White "Schultheisz, Egon"]
[Black "Matt, Stefan"]
[Result "1/2-1/2"]
[WhiteElo "1980"]
[BlackElo "2088"]
[PlyCount "125"]
[EventDate "2007.09.01"]
[EventType "swiss"]
[EventRounds "9"]
[EventCountry "AUT"]

1. e4 c5 2. Nf3 e6 3. d4 cxd4 4. Nxd4 a6 5. Be3 Qc7 6. Bd3 Nf6 7. Nd2 Nc6 8.
Nxc6 bxc6 9. f4 d5 10. e5 Nd7 11. O-O c5 12. b3 Bb7 13. c3 Be7 14. Rc1 Nb6 15.
Bb1 a5 16. Qg4 O-O-O 17. b4 axb4 18. cxb4 c4 19. a3 Kb8 20. Bd4 f5 21. Qf3 g5
22. Qe3 Nc8 23. b5 gxf4 24. Qc3 Bc5 25. Rxf4 Bxd4+ 26. Qxd4 Qb6 27. Nf3 Qxb5
28. Bc2 Qb6 29. Rb1 Qxd4+ 30. Nxd4 Rde8 31. Ba4 Re7 32. Nc6+ Kc7 33. Nxe7 Nxe7
34. Rf2 c3 35. Rc2 d4 36. Rd1 Rd8 37. Bb3 Be4 38. Ra2 Rb8 39. Bxe6 c2 40. Rxc2+
Bxc2 41. Rxd4 Nc6 42. Rd7+ Kb6 43. Rxh7 Re8 44. Rh6 Be4 45. Rf6 Kc5 46. Bxf5
Rxe5 47. Bxe4 Rxe4 48. Rf3 Ne5 49. Rb3 Ng4 50. Rb1 Re3 51. h3 Ne5 52. a4 Nc6
53. Ra1 Kb4 54. Kh2 Nd4 55. a5 Nb3 56. Rg1 Nxa5 57. g4 Nc6 58. g5 Ne7 59. g6
Kc5 60. h4 Kd6 61. h5 Re5 62. g7 Rxh5+ 63. Kg2 1/2-1/2

[Event "18.Open Seefeld"]
[Site "Seefeld / Oesterreich"]
[Date "2007.09.08"]
[Round "8"]
[White "Eiter, Meinhard"]
[Black "Werner, Bernd"]
[Result "1-0"]
[WhiteElo "1845"]
[BlackElo "1975"]
[PlyCount "89"]
[EventDate "2007.09.01"]
[EventType "swiss"]
[EventRounds "9"]
[EventCountry "AUT"]

1. d4 Nf6 2. Nf3 g6 3. Nbd2 d5 4. g3 Bg7 5. Bg2 O-O 6. O-O c6 7. Re1 Re8 8. Ne5
Nbd7 9. f4 Qb6 10. c3 Nxe5 11. fxe5 Nd7 12. Kh1 f6 13. exf6 exf6 14. e4 dxe4
15. Nxe4 Qd8 16. Bf4 f5 17. Qb3+ Kh8 18. Nd6 Rf8 19. Nf7+ Rxf7 20. Qxf7 Nf6 21.
Re7 Qg8 22. Rae1 Qxf7 23. Rxf7 Kg8 24. Rc7 Ne4 25. Bxe4 fxe4 26. Rxe4 Bf5 27.
Re3 h6 28. h4 h5 29. Kg1 Bb1 30. a3 Ba2 31. Rxb7 Bd5 32. Rb8+ Rxb8 33. Bxb8 a6
34. Re7 Bf6 35. Ra7 Bc4 36. Bf4 Kf8 37. Kf2 Ke8 38. Ke3 Kd8 39. Kd2 Be7 40. Kc2
Bf1 41. a4 Be2 42. b3 Ke8 43. c4 c5 44. d5 Bf6 45. Rxa6 1-0

[Event "18.Open Seefeld"]
[Site "Seefeld / Oesterreich"]
[Date "2007.09.08"]
[Round "8"]
[White "Kiechl, Stefan"]
[Black "Buchaeckert, Juergen"]
[Result "1/2-1/2"]
[WhiteElo "1912"]
[BlackElo "1964"]
[PlyCount "26"]
[EventDate "2007.09.01"]
[EventType "swiss"]
[EventRounds "9"]
[EventCountry "AUT"]

1. d4 Nf6 2. Bg5 d5 3. Bxf6 exf6 4. e3 c5 5. c4 cxd4 6. Qxd4 Nc6 7. Qd2 Bb4 8.
Nc3 O-O 9. cxd5 Ne5 10. Nf3 Qa5 11. Be2 Bg4 12. O-O Bxc3 13. bxc3 Rac8 1/2-1/2

[Event "18.Open Seefeld"]
[Site "Seefeld / Oesterreich"]
[Date "2007.09.08"]
[Round "8"]
[White "Safdar, Mahmood"]
[Black "Gheri, Harald"]
[Result "1/2-1/2"]
[WhiteElo "1660"]
[BlackElo "1955"]
[PlyCount "90"]
[EventDate "2007.09.01"]
[EventType "swiss"]
[EventRounds "9"]
[EventCountry "AUT"]

1. e4 d6 2. d4 c6 3. Nc3 Nf6 4. Bd3 e5 5. dxe5 dxe5 6. Bg5 h6 7. Bh4 Be7 8.
Nge2 Bg4 9. Qd2 Nbd7 10. O-O-O Qa5 11. f3 Be6 12. Kb1 Bb4 13. a3 Be7 14. g4 b5
15. Nd5 Qxd2 16. Nc7+ Kd8 17. Nxe6+ fxe6 18. Rxd2 Kc7 19. Rhd1 Bc5 20. c4 b4
21. axb4 Bxb4 22. Rc2 g5 23. Bg3 Rhd8 24. c5 h5 25. Rc4 Rab8 26. gxh5 Nxh5 27.
Kc2 Nf4 28. h4 Ng2 29. Bf2 gxh4 30. Rh1 Rh8 31. Ng1 a5 32. Nh3 Rbg8 33. Bf1 Kb7
34. Rg1 Nf4 35. Rxg8 Rxg8 36. Nxf4 exf4 37. Bxh4 e5 38. Be7 Rg3 39. Be2 Rg2 40.
Kd3 Rg7 41. Bd6 Rg1 42. Rc2 Ra1 43. Kc4 Rg1 44. Kb3 Re1 45. Ka2 Ka7 1/2-1/2

[Event "18.Open Seefeld"]
[Site "Seefeld / Oesterreich"]
[Date "2007.09.08"]
[Round "8"]
[White "Borries, Barbara"]
[Black "Staninski, Borislav"]
[Result "1/2-1/2"]
[WhiteElo "1947"]
[BlackElo "1663"]
[PlyCount "99"]
[EventDate "2007.09.01"]
[EventType "swiss"]
[EventRounds "9"]
[EventCountry "AUT"]

1. e4 e5 2. Nf3 Nc6 3. Bb5 a6 4. Bxc6 dxc6 5. O-O Bd6 6. d4 exd4 7. Qxd4 f6 8.
Qc4 Qe7 9. Nc3 Be6 10. Qe2 h5 11. Nh4 Qf7 12. Re1 O-O-O 13. b3 Ne7 14. Bb2 Be5
15. Rad1 g5 16. Nf3 Ng6 17. Nxe5 Nxe5 18. Qe3 Kb8 19. Ne2 Ng4 20. Qc5 Rd7 21.
f3 Nh6 22. Rxd7 Bxd7 23. Bd4 b6 24. Qc3 Rf8 25. a4 c5 26. Be3 f5 27. Bxg5 Rg8
28. h4 Qf8 29. Bxh6 Qxh6 30. exf5 Bxf5 31. Kf2 Qg6 32. g3 Bxc2 33. f4 Be4 34.
Ng1 Rd8 35. Re3 Bc6 36. a5 Kb7 37. axb6 cxb6 38. Re7+ Rd7 39. Rxd7+ Bxd7 40.
Nf3 Qe4 41. Ne5 Be6 42. Nc4 Qd4+ 43. Qxd4 cxd4 44. Nd2 a5 45. Ke2 Bf5 46. Nc4
Kc6 47. Kd2 Kc5 48. Kc1 a4 49. Kb2 axb3 50. Nd2 1/2-1/2

[Event "18.Open Seefeld"]
[Site "Seefeld / Oesterreich"]
[Date "2007.09.08"]
[Round "8"]
[White "Rampler, Evely"]
[Black "Scheidt, Eugen"]
[Result "1-0"]
[WhiteElo "1588"]
[BlackElo "1981"]
[PlyCount "61"]
[EventDate "2007.09.01"]
[EventType "swiss"]
[EventRounds "9"]
[EventCountry "AUT"]

1. e4 c5 2. Nc3 Nc6 3. g3 e6 4. Bg2 g6 5. d3 Bg7 6. Be3 d6 7. Qd2 Nge7 8. Nge2
Nd4 9. O-O Qa5 10. Nc1 Rb8 11. Nb3 Qd8 12. Bxd4 cxd4 13. Nb5 Nc6 14. e5 dxe5
15. Bxc6+ bxc6 16. Nxa7 Qb6 17. Nxc8 Rxc8 18. Qa5 Qxa5 19. Nxa5 O-O 20. Nc4
Rfd8 21. f3 Rb8 22. b3 f6 23. a4 Ra8 24. a5 Ra6 25. b4 Bf8 26. Rfb1 Rd5 27. Ra4
Rb5 28. Rb3 c5 29. bxc5 Rxb3 30. cxb3 Bxc5 31. b4 1-0

[Event "18.Open Seefeld"]
[Site "Seefeld / Oesterreich"]
[Date "2007.09.08"]
[Round "8"]
[White "Kircher, Werner"]
[Black "Grimm, Joachim"]
[Result "0-1"]
[WhiteElo "1944"]
[BlackElo "1618"]
[PlyCount "78"]
[EventDate "2007.09.01"]
[EventType "swiss"]
[EventRounds "9"]
[EventCountry "AUT"]

1. d4 f5 2. c4 Nf6 3. Nf3 g6 4. g3 Bg7 5. Bg2 d6 6. O-O O-O 7. Nc3 Qe8 8. e4
fxe4 9. Ng5 Bg4 10. Qb3 Qc8 11. Ngxe4 Nxe4 12. Bxe4 c6 13. Be3 Nd7 14. Qc2 e5
15. d5 Nf6 16. dxc6 bxc6 17. Bg2 Rb8 18. Bxa7 Rb7 19. Be3 Rd7 20. Qa4 d5 21.
cxd5 cxd5 22. Nxd5 Rxd5 23. Bxd5+ Nxd5 24. Rac1 Qf5 25. Qc2 Qf3 26. Qd1 Qxd1
27. Rfxd1 Bxd1 28. Rxd1 Nxe3 29. fxe3 Rf3 30. Rd8+ Bf8 31. b4 Rxe3 32. b5 Re1+
33. Kf2 Rb1 34. a4 Rb4 35. Ra8 Kg7 36. Ke2 e4 37. Ra7+ Kh6 38. h4 Bc5 39. Ra6
Kh5 0-1

[Event "18.Open Seefeld"]
[Site "Seefeld / Oesterreich"]
[Date "2007.09.08"]
[Round "8"]
[White "Storkebaum, Ulrike"]
[Black "Bangert, Ruediger"]
[Result "1-0"]
[WhiteElo "1963"]
[BlackElo "1761"]
[PlyCount "93"]
[EventDate "2007.09.01"]
[EventType "swiss"]
[EventRounds "9"]
[EventCountry "AUT"]

1. e4 d6 2. d4 g6 3. c4 Bg7 4. Nc3 Nf6 5. Nf3 O-O 6. Be2 c5 7. d5 Bg4 8. Be3
Qa5 9. Qd2 a6 10. O-O Nbd7 11. h3 Bxf3 12. Bxf3 Ne5 13. Be2 Ned7 14. f4 Rfe8
15. Rab1 Qc7 16. Bd3 Rad8 17. Qf2 Kh8 18. g4 b6 19. g5 Ng8 20. Ne2 f6 21. h4
fxg5 22. hxg5 Rf8 23. Qh4 Rf7 24. Kg2 Nf8 25. Bd2 e6 26. Rh1 e5 27. f5 gxf5 28.
g6 Bf6 29. Qh5 Nxg6 30. exf5 Nf8 31. Ng3 Rg7 32. Kf2 Qf7 33. Qh3 Qe7 34. Nh5
Rf7 35. Rbg1 e4 36. Nxf6 Nxf6 37. Be2 Rg7 38. Bc3 Rd7 39. Qh6 e3+ 40. Kf1 Rxg1+
41. Rxg1 Ng6 42. fxg6 Qg7 43. Qxg7+ Kxg7 44. gxh7+ Kxh7 45. Bxf6 Rf7 46. Bd3+
Kh6 47. Rh1# 1-0

[Event "18.Open Seefeld"]
[Site "Seefeld / Oesterreich"]
[Date "2007.09.08"]
[Round "8"]
[White "Duric, Rajko"]
[Black "Perkmann, Gottfried"]
[Result "1/2-1/2"]
[WhiteElo "1877"]
[BlackElo "1799"]
[PlyCount "115"]
[EventDate "2007.09.01"]
[EventType "swiss"]
[EventRounds "9"]
[EventCountry "AUT"]

1. e4 d6 2. d4 Nf6 3. Nc3 g6 4. f3 Bg7 5. b3 c5 6. Be3 cxd4 7. Bxd4 Nc6 8. Bb5
a6 9. Bxc6+ bxc6 10. Nge2 O-O 11. O-O c5 12. Be3 Bb7 13. Rb1 Rc8 14. Qd2 Re8
15. Nf4 Qa5 16. Ncd5 Qxd2 17. Nxf6+ Bxf6 18. Bxd2 c4 19. bxc4 Ba8 20. Ne2 Rxc4
21. c3 Rec8 22. Rb3 d5 23. exd5 Bxd5 24. Ra3 R4c6 25. Nd4 Bxd4+ 26. cxd4 Rc2
27. Bh6 Rxa2 28. Rxa2 Bxa2 29. Re1 e6 30. Kf2 f6 31. Bf4 Kf7 32. Re2 Bd5 33.
Rb2 g5 34. Bd2 Bc4 35. Rb7+ Kg6 36. Ba5 Bb5 37. Rc7 Rxc7 38. Bxc7 Bc4 39. h3
Kf5 40. g4+ Kg6 41. Kg3 Bd5 42. f4 h5 43. gxh5+ Kxh5 44. fxg5 Kxg5 45. Bd8 Kg6
46. h4 f5 47. Ba5 Kf6 48. Bd8+ Kg6 49. Ba5 Kh5 50. Be1 Kh6 51. Kf4 Kh5 52. Ke5
a5 53. Bxa5 Kxh4 54. Kf4 Kh3 55. Bc7 Kg2 56. Be5 Kf2 57. Bf6 Ke2 58. Be5
1/2-1/2

[Event "18.Open Seefeld"]
[Site "Seefeld / Oesterreich"]
[Date "2007.09.08"]
[Round "8"]
[White "Berkemeier, Juergen"]
[Black "Auf'm Wasser, Günter"]
[Result "1-0"]
[WhiteElo "1917"]
[BlackElo "1867"]
[PlyCount "103"]
[EventDate "2007.09.01"]
[EventType "swiss"]
[EventRounds "9"]
[EventCountry "AUT"]

1. e4 e5 2. Nf3 f5 3. Nxe5 Nc6 4. Nxc6 dxc6 5. d4 fxe4 6. Qh5+ Kd7 7. Qf5+ Ke8
8. Qxe4+ Qe7 9. Qe5 g6 10. Bg5 Qxe5+ 11. dxe5 Be6 12. Bd3 Bg7 13. f4 Ne7 14.
Bxe7 Kxe7 15. h4 Raf8 16. g3 Bf5 17. Nd2 Bxd3 18. cxd3 Rd8 19. Ke2 Ke6 20. Rac1
Kf5 21. Ke3 Rd5 22. Rc3 Rhd8 23. Ne4 Bh6 24. Ng5 R8d7 25. Rg1 Kg4 26. Ke2 Bf8
27. Ne4 Be7 28. Nf2+ Kf5 29. Rgc1 Bf8 30. Rc4 Rd4 31. Rxd4 Rxd4 32. Rc4 Rd7 33.
g4+ Ke6 34. Ne4 Be7 35. Nc5+ Bxc5 36. Rxc5 Rf7 37. Ke3 Rf8 38. Ke4 Kd7 39. Rc2
Ke6 40. Rg2 c5 41. h5 Kf7 42. f5 Rd8 43. fxg6+ hxg6 44. Rf2+ Kg7 45. e6 gxh5
46. gxh5 Rd4+ 47. Kf5 Rd5+ 48. Ke4 Rd4+ 49. Kf5 Rd5+ 50. Ke4 Rd4+ 51. Ke5 Rd5+
52. Kxd5 1-0

[Event "18.Open Seefeld"]
[Site "Seefeld / Oesterreich"]
[Date "2007.09.08"]
[Round "8"]
[White "Egger, Herbert"]
[Black "Verwer, Renzo"]
[Result "0-1"]
[WhiteElo "1839"]
[BlackElo "1600"]
[PlyCount "120"]
[EventDate "2007.09.01"]
[EventType "swiss"]
[EventRounds "9"]
[EventCountry "AUT"]

1. e4 c5 2. Nf3 Nf6 3. Nc3 d5 4. Bb5+ Nc6 5. e5 Ne4 6. Ne2 h6 7. O-O Bg4 8. Ne1
Qb6 9. Bxc6+ bxc6 10. c4 Ng5 11. d3 Rd8 12. h4 dxc4 13. hxg5 cxd3 14. Nxd3 c4
15. Be3 Qb8 16. f3 Rxd3 17. Qc1 Qxe5 18. fxg4 Qxe3+ 19. Qxe3 Rxe3 20. Nd4 e5
21. Nxc6 Bc5 22. Kf2 hxg5 23. Rfd1 O-O 24. Ne7+ Bxe7 25. Kxe3 Bc5+ 26. Ke4 Bd4
27. Rab1 g6 28. Rf1 Kg7 29. Rf3 Rb8 30. Rff1 Bxb2 31. Rf2 c3 32. Rc2 Re8 33.
Rbxb2 cxb2 34. Rxb2 Kf6 35. Rb7 a6 36. a4 Re6 37. a5 Rd6 38. Rb6 Ke6 39. g3 f5+
40. gxf5+ gxf5+ 41. Ke3 Kd5 42. Rb8 f4+ 43. gxf4 exf4+ 44. Kf3 Kc4 45. Kg4 Rd5
46. Re8 Kb4 47. Re6 Kxa5 48. Re1 Kb6 49. Rb1+ Rb5 50. Rc1 a5 51. Ra1 Rd5 52.
Rb1+ Kc5 53. Rc1+ Kb4 54. Rb1+ Ka3 55. Ra1+ Kb2 56. Ra4 Kb3 57. Ra1 a4 58. Rc1
a3 59. Rc7 Rb5 60. Ra7 a2 0-1